| 000 | 00849nam a22002657a 4500 | ||
|---|---|---|---|
| 001 | 00020 | ||
| 003 | DO-SdBNP | ||
| 005 | 20240527105612.0 | ||
| 007 | 00020 | ||
| 008 | 160624b 2011 sp ||| 00| 0 spa d | ||
| 020 | _a9786071109217 | ||
| 040 |
_aBPMSU _bspa _cBPMSU |
||
| 082 | 4 |
_a813.5 _bE88c 2011 _222 |
|
| 100 | 1 | _aEulberg, Elizabeth | |
| 245 | 1 | 3 |
_aEl Club de los Corazones Solitarios / _cElizabeth Eulberg ; traducción de Mercedes Núñez. |
| 260 |
_aMéxico, D. F. : _bAlfaguara, _c2011. |
||
| 300 |
_a333 p. ; _c22 cm. |
||
| 500 | _aOriginally published in English as: Lonely hearts club. | ||
| 590 | _aInventariado, 2024/VM | ||
| 650 | 4 | _aNovela juvenil estadounidense | |
| 650 | 4 |
_aEstudiantes _vNovela juvenil |
|
| 700 | 1 |
_aNúñez, Mercedes, _etraductor |
|
| 910 | _aLPEREZ/ VMateo V. Cotrol de calidad. BPMSU | ||
| 942 |
_2ddc _cBK |
||
| 999 |
_c10582 _d10582 |
||